LIBRARY & INFORMATION CENTRE, KCAET, TAVANUR

ONLINE PUBLIC ACCESS CATALOGUE (OPAC)

Confusiasinte tatva chintakal / (Record no. 5039)

MARC details
000 -LEADER
fixed length control field 00420cam a2200169ua 4500
041 ## - LANGUAGE CODE
Language code of text/sound track or separate title mal
082 ## - DEWEY DECIMAL CLASSIFICATION NUMBER
Classification number 931
Item number VAR/CO
100 ## - MAIN ENTRY--AUTHOR NAME
Personal name Varghese, Kulathil .
245 ## - TITLE STATEMENT
Title Confusiasinte tatva chintakal /
260 ## - PUBLICATION, DISTRIBUTION, ETC. (IMPRINT)
Place of publication New Delhi :
Name of publisher Sahitya Academy ,
Year of publication 1963.
300 ## - PHYSICAL DESCRIPTION
Number of Pages 236 ; .
942 ## - ADDED ENTRY ELEMENTS (KOHA)
Koha item type Books
Holdings
Withdrawn status Lost status Damaged status Home library Current library Date acquired Full call number Accession Number Koha item type
Withdrawn     KAUAET KAUAET 07/04/2012 931 8492 Books
free website counter